Cities of Winnebago County, Iowa - Statistics

General Stats
  • This quiz has been taken 54 times
  • The average score is 4 of 7
Answer Stats
Cities % Correct
1 (partial) Forest City
80%
2 Lake Mills
80%
3 Buffalo Center
60%
5 Leland
40%
6 Rake
40%
7 Scarville
40%
4 Thompson
40%
No matching quizzes found
Score Distribution
Percent of People with Each Score
Percentile by Number Answered
Your Score History
You have not taken this quiz